| 000 | 00745cam a2200241 a 4500 | ||
|---|---|---|---|
| 001 | 27562 | ||
| 003 | BD-RjUL | ||
| 005 | 20211209051154.0 | ||
| 008 | 140325s1979 dcu b 000 0 eng | ||
| 020 | _a0819103349 | ||
| 035 | _a(BD-RjUL)27636 | ||
| 040 |
_aDLC _cDLC _dDLC _dBD-RjUL _beng |
||
| 041 | _aeng | ||
| 082 | 0 | 0 |
_a973 _219 _bESS 1979 |
| 245 | 0 | 0 |
_aEssays and commentaries in American history / _cedited by Kenneth E. Hendrickson, Jr. _nV-2 |
| 260 |
_aWashington, D.C. : _bUniversity Press of America, _cc1979. |
||
| 300 |
_a2. v. ; _c21 cm. |
||
| 504 | _aIncludes bibliographical references. | ||
| 651 | 0 |
_aUnited States _xHistory. _984654 |
|
| 700 | 1 |
_aHendrickson, Kenneth E. _984655 |
|
| 942 |
_2ddc _cBK |
||
| 999 |
_c27562 _d27562 |
||